Latín Culto y Latín vulgar vistos desde otra perspectiva /
Αποθηκεύτηκε σε:
| Κύριος συγγραφέας: | |
|---|---|
| Μορφή: | Άγνωστο |
| Θέματα: | |
| Ετικέτες: |
Προσθήκη ετικέτας
Δεν υπάρχουν, Καταχωρήστε ετικέτα πρώτοι!
|
MARC
| LEADER | 000000000a22000000004500 | ||
|---|---|---|---|
| 001 | 005677 | ||
| 100 | 1 | |a Quirós, Manuel Antonio | |
| 245 | 1 | 0 | |a Latín Culto y Latín vulgar vistos desde otra perspectiva / |c Manuel Antonio Quirós. |
| 310 | |a Semestral | ||
| 650 | 4 | |a LATIN | |
| 650 | 4 | |a LATIN VULGAR | |
| 773 | 0 | |d Heredia, Costa Rica : Editorial de la Universidad Nacional |t Letras |g número 15-16-17 (1985-1986), páginas 37-45 | |
| 942 | |c ARC | ||
| 999 | |c 12432 |d 12432 | ||
